[Event "FRM-ch"]
[Site "Struga"]
[Date "1993.??.??"]
[Round "8"]
[White "Jacimovic, Dragoljub"]
[Black "Stanojoski, Zvonko"]
[Result "1/2-1/2"]
[WhiteElo "2405"]
[BlackElo "2365"]

1.d4 d5 2.c4 c6 3.e3 Nf6 4.Nc3 e6 5.Nf3 Nbd7 6.Qc2 Bd6 7.a3 O-O 8.b4 h6 9.Bb2 Re8
10.Rd1 Qe7 11.c5 Bc7 12.Bd3 e5 13.dxe5 Nxe5 14.Nxe5 Bxe5 15.Ne2 Ng4 16.Bxe5 Nxe5
17.O-O Qh4 18.Bh7+ Kh8  1/2-1/2

[Event "FRM-ch"]
[Site "Struga"]
[Date "1993.??.??"]
[Round "12"]
[White "Kocovski, Ivan"]
[Black "Georgievski, Vanco"]
[Result "1-0"]
[WhiteElo "2300"]
[BlackElo "2260"]

1.d4 d5 2.c4 c6 3.Nf3 Nf6 4.Nc3 e6 5.e3 Nbd7 6.Be2 Be7 7.O-O O-O 8.Qc2 b6
9.cxd5 cxd5 10.Bd2 Bb7 11.Rfc1 Rc8 12.Qb3 Ne4 13.Be1 Nd6 14.Nb5 Nxb5 15.Bxb5 Nb8
16.a4 Nc6 17.Bxc6 Rxc6 18.Rxc6 Bxc6 19.Ne5 Bb7 20.a5 Bd6 21.axb6 axb6 22.Bb4 f6
23.Nd3 Qb8 24.Bxd6 Qxd6 25.Nc5 Qc6 26.Nxb7 Qxb7 27.g3 Rc8 28.Kg2 Kf7 29.Qb5 f5
30.Ra6 Rb8 31.h4 h5 32.Ra3 Rc8 33.Qa6 Qxa6 34.Rxa6 Rb8 35.Kf3 Kf6 36.Kf4 g6
37.b4 b5 38.Rc6 Rb7 39.f3 Rb8 40.e4 fxe4 41.fxe4 dxe4 42.d5 Re8 43.Rxe6+ Rxe6
44.dxe6 e3 45.Kxe3 Kxe6 46.Ke4 Kf6 47.Kd5 g5 48.Kc5  1-0

[Event "SWE-chT 9293"]
[Site "SWE"]
[Date "1993.??.??"]
[Round "8"]
[White "Eriksson, Anders"]
[Black "Ingbrandt, Johan"]
[Result "0-1"]
[WhiteElo "2270"]
[BlackElo "2345"]

1.d4 d5 2.Nf3 Nf6 3.c4 c6 4.e3 e6 5.Nc3 Nbd7 6.Qc2 Bd6 7.b3 O-O 8.Be2 Re8
9.O-O Qe7 10.Bb2 dxc4 11.bxc4 e5 12.dxe5 Nxe5 13.Rad1 Bc7 14.Nd4 Neg4 15.h3 Nxe3
16.fxe3 Qxe3+ 17.Rf2 Bg3 18.Bf3 Be6 19.Nxe6 Rxe6 20.Rf1 Rd8 21.Nd1 Qc5 22.Qb3 Rd2
23.Bc3 Rd3 24.Nb2 Rde3 25.Qc2 Ne4 26.Bxe4 R3xe4 27.Kh1 Bxf2 28.Rxf2 b5 29.Kg1 Re2
30.Qf5 Qxf5 31.Rxf5 Rc2 32.Bd4 Re4 33.Bxa7 Rxb2 34.cxb5 Rxb5 35.Rf2 h6 36.Rc2 Ra5
37.Bb6 Ra6 38.Bc5 Kh7 39.a3 f5 40.Kf2 g5 41.Bb4 Re6 42.g4 fxg4 43.hxg4 Ra7
44.Rc4 Kg6 45.Kg3 h5 46.gxh5+ Kxh5 47.Rc5 Rd7 48.Rc3 Rd4 49.Bc5 Rg4+ 50.Kh3 Re2
51.Bb6 Rh4+ 52.Kg3 Reh2  0-1

[Event "SWZ-ch"]
[Site "?"]
[Date "1993.??.??"]
[Round "?"]
[White "Klauser, Markus"]
[Black "Pelletier, Yannick"]
[Result "1-0"]
[WhiteElo "2350"]
[BlackElo "2285"]

1.d4 d5 2.c4 e6 3.Nc3 c6 4.e3 Nf6 5.Nf3 Nbd7 6.Bd3 dxc4 7.Bxc4 b5 8.Bd3 Bb7
9.O-O a6 10.e4 c5 11.d5 c4 12.dxe6 fxe6 13.Bc2 Qc7 14.Ng5 Nc5 15.Qf3 Bd6
16.Qh3 O-O-O 17.b4 cxb3 18.Bxb3 Kb8 19.Be3 h6 20.Nxe6 Nxe6 21.Bxe6 Nxe4 22.Nxe4 Bxe4
23.a4 b4 24.a5 Qb7 25.Bb6 Rde8 26.Rfe1 Re7 27.Rad1 Qc6 28.Rc1 Qb7 29.Red1 Bf4
30.Rc4 Bd5 31.Rxf4 Rxe6 32.Rxb4 Rhe8 33.Qc3 Ka8 34.Be3 Qc6 35.Qd4 Rxe3 36.fxe3 Bxg2
37.Rb6 Qc2 38.Rxa6+ Kb8 39.Qa7+ Kc8  1-0

[Event "SWZ-ch"]
[Site "?"]
[Date "1993.??.??"]
[Round "?"]
[White "Almada, Enrique"]
[Black "Pelletier, Yannick"]
[Result "0-1"]
[WhiteElo "2345"]
[BlackElo "2285"]

1.d4 d5 2.c4 e6 3.Nc3 c6 4.Nf3 Nf6 5.e3 Nbd7 6.Qc2 Bd6 7.b3 O-O 8.Be2 Re8
9.O-O Qe7 10.Rd1 b6 11.e4 Nxe4 12.Nxe4 dxe4 13.Qxe4 Nf6 14.Qxc6 Bd7 15.Qb7 Reb8
16.Qa6 Ne8 17.c5 bxc5 18.Ba3 Rb6 19.Qa5 cxd4 20.Bxd6 Rxd6 21.Nxd4 Rd5 22.Qd2 Rd8
23.Bf3 Rd6 24.Qe1 e5 25.Rac1 f5 26.Nc6 Bxc6 27.Rxd6 Qxd6 28.Rxc6 Qd2 29.Qb1 e4
30.Rc2 Qd4 31.Be2 e3 32.Bc4+ Kh8 33.fxe3 Qxe3+ 34.Kh1 Nf6 35.Re2 Qf4 36.h3 Ne4
37.Re1 Rd2 38.Qc1 Ng3+  0-1

[Event "SWZ-chT"]
[Site "?"]
[Date "1993.??.??"]
[Round "?"]
[White "Adler, Joel"]
[Black "Pelletier, Yannick"]
[Result "1/2-1/2"]
[WhiteElo "2340"]
[BlackElo "2245"]

1.d4 d5 2.c4 c6 3.e3 Nf6 4.Nc3 e6 5.Nf3 Nbd7 6.Qc2 Bd6 7.b3 O-O 8.Be2 Re8
9.O-O Qe7 10.Bb2 b6 11.e4 Nxe4 12.Nxe4 dxe4 13.Qxe4 Bb7 14.Rfe1 f5 15.Qc2 c5
16.d5 exd5 17.Bd3 Qf7 18.Bxf5 Nf8 19.cxd5 Bxd5 20.Be4 Bxe4 21.Rxe4 Rxe4 22.Qxe4 Re8
23.Qd3 Qg6 24.Qc4+ Qf7 25.Qc3 h6 26.Rd1 Bc7 27.Kf1 Bd8 28.Ne5 Qe6 29.Qc4  1/2-1/2

[Event "SWZ-chT"]
[Site "?"]
[Date "1993.??.??"]
[Round "?"]
[White "Nemet, Ivan"]
[Black "Kaenel, Hansjuerg"]
[Result "1-0"]
[WhiteElo "2415"]
[BlackElo "2325"]

1.d4 d5 2.Nf3 Nf6 3.c4 e6 4.Nc3 c6 5.e3 Bd6 6.Qc2 O-O 7.Bd3 Nbd7 8.O-O dxc4
9.Bxc4 e5 10.h3 exd4 11.exd4 Nb6 12.Bb3 Nbd5 13.Bg5 Be7 14.Rfe1 Be6 15.Re5 Re8
16.Rae1 Qd7 17.Bxd5 cxd5 18.R5e3 Rad8 19.Ne5 Qc7 20.Qa4 a6 21.Nd3 Qc4 22.Nf4 Qxa4
23.Nxa4 h6 24.Nxe6 fxe6 25.Rxe6 Kf7 26.Bh4 g5 27.Bg3 Ne4 28.Rxh6 Nxg3 29.Rh7+ Kf6
30.fxg3 b5 31.Nc3 b4 32.Na4 a5 33.h4 Bc5 34.Rd1 Bf8 35.Rf1+ Kg6 36.Rff7 Re4
37.h5+  1-0

[Event "SWZ-chT"]
[Site "?"]
[Date "1993.??.??"]
[Round "?"]
[White "Danner, Georg"]
[Black "Preissmann, Emmanuel"]
[Result "1/2-1/2"]
[WhiteElo "2385"]
[BlackElo "2340"]

1.d4 d5 2.c4 e6 3.Nf3 c6 4.e3 Nf6 5.Nc3 Nbd7 6.Bd3 dxc4 7.Bxc4 b5 8.Bd3 a6
9.e4 c5 10.d5 c4 11.dxe6 cxd3 12.exd7+ Qxd7 13.O-O Bb7 14.Re1 Be7 15.e5 Nd5
16.Ne4 O-O 17.Qxd3 Qg4 18.Ng3 f5 19.exf6 Bxf6 20.Qe4 Qd7 21.Ng5 Bxg5 22.Bxg5 Nf4
23.Qb4 Nd3 24.Qb3+ Kh8 25.Re2 Rae8 26.Be3 Qc6  1/2-1/2

[Event "SWZ-chT"]
[Site "?"]
[Date "1993.??.??"]
[Round "?"]
[White "Huss, Andreas"]
[Black "Preissmann, Emmanuel"]
[Result "1/2-1/2"]
[WhiteElo "2400"]
[BlackElo "2340"]

1.d4 d5 2.c4 e6 3.Nf3 c6 4.e3 Nf6 5.Nc3 Nbd7 6.Qc2 Bd6 7.Be2 O-O 8.O-O Re8
9.Rd1 b6 10.e4 Nxe4 11.Nxe4 dxe4 12.Qxe4 Bb7 13.Bf4 Qc7 14.Bxd6 Qxd6 15.Ne5 Rad8
16.f4 f5 17.Qe3 Nxe5 18.dxe5 Qe7 19.Bf3 Rxd1+ 20.Rxd1 Rd8 21.Rxd8+ Qxd8 22.b4 Ba6
23.Qc3 c5 24.b5 Bc8 25.g3 h6 26.h4 Qd7 27.a4 a5 28.h5 Kf8 29.Kf2 Ke7 30.Qe3 Bb7
31.Bxb7 Qxb7 32.Qd3 Qd7 33.Qxd7+ Kxd7 34.g4 Ke7 35.Kg3 Kf7  1/2-1/2

[Event "Szekszard op"]
[Site "Szekszard"]
[Date "1993.??.??"]
[Round "3"]
[White "Pesztericz, Laszlo"]
[Black "Schlusnik, Nandor"]
[Result "1/2-1/2"]
[WhiteElo "2245"]
[BlackElo "2015"]

1.d4 d5 2.c4 e6 3.Nc3 c6 4.e3 Nf6 5.Nf3 Nbd7 6.Bd3 Be7 7.O-O O-O 8.b3 Qc7
9.Bb2 dxc4 10.bxc4 e5 11.Qc2 exd4 12.exd4 Rd8 13.Rfe1 Nf8 14.Qe2 Ne6 15.Rad1 Bf8
16.Ne4 Ng4 17.g3 Bb4 18.Rf1 Be7 19.Bb1 Qa5 20.d5 cxd5 21.cxd5 Rxd5 22.Bc3 Qd8
23.Neg5 Bxg5 24.Qe4 Rxd1 25.Qxh7+ Kf8 26.Bb4+ Rd6 27.Rd1 Nf6 28.Qh8+ Ke7
29.Bxd6+ Qxd6 30.Rxd6 Kxd6 31.Nxg5 Nxg5 32.Qxg7 Nh3+ 33.Kg2 Ke7 34.Qh8 b6
35.f3 Ng5 36.Qh4 Ne6 37.Qb4+ Nc5 38.Qe1+ Be6 39.f4 Kd7 40.Qe5 Ng4 41.Qd4+ Kc6
42.f5 Bd5+ 43.Kg1 Re8 44.Qxg4 Re1+ 45.Kf2 Rxb1 46.h4 Ne4+ 47.Ke3 Re1+ 48.Kd4 Rg1
49.Qg8 Rd1+ 50.Ke3 Re1+  1/2-1/2

[Event "Szekszard op"]
[Site "Szekszard"]
[Date "1993.??.??"]
[Round "3"]
[White "Berebora, Ferenc"]
[Black "Lenart, Endre"]
[Result "1/2-1/2"]
[WhiteElo "2410"]
[BlackElo "2290"]

1.Nf3 Nf6 2.c4 c6 3.Nc3 d5 4.e3 e6 5.d4 Be7 6.Bd3 O-O 7.O-O Nbd7 8.e4 dxe4
9.Nxe4 Nxe4 10.Bxe4 Nf6 11.Bc2 c5 12.dxc5 Qc7 13.Be3 Rd8 14.Qe2 Bxc5 15.Bxc5 Qxc5  1/2-1/2

[Event "Szombathely"]
[Site "Szombathely"]
[Date "1993.??.??"]
[Round "4"]
[White "Zsinka, Laszlo"]
[Black "Pinkas, Karol"]
[Result "1/2-1/2"]
[WhiteElo "2350"]
[BlackElo "2355"]

1.d4 d5 2.c4 c6 3.Nc3 Nf6 4.Nf3 e6 5.e3 Nbd7 6.Bd3 dxc4 7.Bxc4 b5 8.Be2 Bb7
9.O-O Be7 10.Qc2 O-O 11.e4 b4 12.Na4 c5 13.e5 Nd5 14.Nxc5 Nxc5 15.dxc5 Nc7
16.Bd3  1/2-1/2

[Event "Tel Aviv"]
[Site "Tel Aviv"]
[Date "1993.??.??"]
[Round "?"]
[White "Teplitsky, Yan"]
[Black "Haimovich, Tal"]
[Result "1-0"]
[WhiteElo "2375"]
[BlackElo "2280"]

1.Nf3 d5 2.c4 c6 3.e3 Nf6 4.Nc3 e6 5.d4 Nbd7 6.Qc2 Bd6 7.Bd2 O-O 8.O-O-O e5
9.cxd5 exd4 10.Nxd4 cxd5 11.f3 Ne5 12.g4 Bc5 13.Be2 Ne8 14.Kb1 Nc7 15.Bc1 a6
16.Nxd5 Nxd5 17.Qxc5 b6 18.Qa3 Qf6 19.Nf5 Bxf5+ 20.gxf5 Ne7 21.e4 b5 22.Rhg1 Nc8
23.Qc5 Re8 24.Bf4 Qb6 25.Qd5  1-0

[Event "Tel Aviv ASA"]
[Site "Tel Aviv"]
[Date "1993.??.??"]
[Round "10"]
[White "Temanlis, Yoel"]
[Black "Afek, Yochanan"]
[Result "1/2-1/2"]
[WhiteElo "2285"]
[BlackElo "2430"]

1.d4 d5 2.e3 Nf6 3.Nf3 e6 4.c4 c6 5.Nc3 Nbd7 6.Bd3 dxc4 7.Bxc4 b5 8.Be2 Bb7
9.O-O b4 10.Na4 Bd6 11.Bd2 Qe7 12.Qc2 Rc8 13.Rac1 a5 14.e4 Bb8  1/2-1/2

[Event "Tel Aviv ASA"]
[Site "Tel Aviv"]
[Date "1993.??.??"]
[Round "10"]
[White "Grinshpun, Eduard"]
[Black "Soffer, Ram"]
[Result "0-1"]
[WhiteElo "2420"]
[BlackElo "2450"]

1.Nf3 Nf6 2.c4 c6 3.Nc3 d5 4.d4 e6 5.e3 Nbd7 6.Qc2 Bd6 7.h3 O-O 8.Be2 e5
9.cxd5 cxd5 10.Nb5 Bb8 11.dxe5 Nxe5 12.Bd2 a6 13.Nxe5 Bxe5 14.Bc3 Bb8 15.Nd4 Ne4
16.Bd3 Re8 17.O-O-O Qf6 18.Nf3 Qe7 19.Kb1 Bf5 20.Bd4 Bd6 21.g4 Rac8 22.Qe2 Bd7
23.Rc1 Nc5 24.Bxc5 Bxc5 25.Qd2 Qf6 26.Nd4 Bxd4 27.exd4 Qf3 28.Rcg1 Bb5 29.Bxb5 axb5
30.Re1 Re4 31.Rc1 Rf8 32.Rhd1 Qxh3 33.Qg5 f5 34.Rc7 g6 35.gxf5 Qxf5 36.Qxf5 Rxf5
37.Rxb7 Rff4 38.Rc1 Rf7 39.Rxb5 Rxd4 40.Rc8+ Kg7 41.Rd8 Rxf2 42.Rbxd5 Rxd5
43.Rxd5 h5 44.a4 h4 45.Rd3 g5 46.a5 Rf6 47.Ra3 Ra6 48.Kc2 g4 49.Ra4 g3 50.Rg4+ Kf7
51.Kd3 Rh6 52.Kc4 h3 53.Rxg3 h2 54.Rf3+ Ke6 55.Rf1 h1=Q 56.Rxh1 Rxh1 57.Kc5 Kd7
58.b4 Kc7 59.b5 Rh5+ 60.Kc4 Kd6  0-1

[Event "Tilburg"]
[Site "Tilburg"]
[Date "1993.??.??"]
[Round "1"]
[White "Marin, Mihail"]
[Black "Gurevich, Mikhail"]
[Result "1/2-1/2"]
[WhiteElo "2515"]
[BlackElo "2605"]

1.d4 d5 2.c4 c6 3.Nc3 Nf6 4.e3 e6 5.Nf3 Nbd7 6.Qc2 Bd6 7.g4 dxc4 8.Bxc4 Nd5
9.Ne4 Be7 10.Bd2 b6 11.h4 Bb7 12.Rh3 Qc7 13.O-O-O c5 14.dxc5 Nxc5 15.Bb5+ Bc6
16.Bxc6+ Qxc6 17.Ne5 Qc7 18.Nxc5 Qxc5 19.Qxc5 Bxc5 20.g5 Rc8 21.Kb1 Bd6 22.Nd3 O-O
23.e4 Ne7 24.Bc3 Rfd8 25.h5 Nc6 26.h6 Be5 27.Rc1 Bxc3 28.Rxc3 Kf8 29.f4 Ne7
30.Ne5 gxh6 31.Rxc8 Rxc8 32.Nd7+ Kg7 33.gxh6+ Kg6 34.Ne5+ Kf6 35.Nd7+ Kg6
36.Ne5+ Kf6 37.Rd3 Ng6 38.Ng4+ Ke7 39.f5 exf5 40.exf5 Nh4 41.Re3+ Kd6 42.Rd3+ Ke7
43.Re3+ Kd6 44.Rd3+  1/2-1/2

[Event "Tilburg"]
[Site "Tilburg"]
[Date "1993.??.??"]
[Round "1"]
[White "Epishin, Vladimir"]
[Black "Hansen, Lars Bo"]
[Result "1-0"]
[WhiteElo "2655"]
[BlackElo "2560"]

1.d4 d5 2.c4 c6 3.Nc3 Nf6 4.e3 e6 5.Nf3 Nbd7 6.Qc2 Be7 7.b3 O-O 8.Be2 b6
9.O-O Bb7 10.Rd1 Qc7 11.Bb2 Rfd8 12.a4 Rac8 13.a5 Qb8 14.axb6 axb6 15.cxd5 exd5
16.Qf5 g6 17.Qh3 Qc7 18.Bd3 Ra8 19.Qg3 Qxg3 20.hxg3 Bb4 21.Ne1 h5 22.f3 Bd6
23.Kf2 Rdb8 24.Nc2 Ra5 25.Rxa5 bxa5 26.Ra1 Bc8 27.Ba3 c5 28.Bb5 Bf8 29.Ke1 cxd4
30.exd4 Bg7 31.Bd6 Rb6 32.Bf4 Ba6 33.Rxa5 Bxb5 34.Rxb5 Rc6 35.Kd2 Nb6 36.Nb4 Re6
37.Kd3  1-0

[Event "Tilburg"]
[Site "Tilburg"]
[Date "1993.??.??"]
[Round "2"]
[White "Vyzmanavin, Alexey"]
[Black "Chernin, Alexander"]
[Result "1/2-1/2"]
[WhiteElo "2605"]
[BlackElo "2615"]

1.d4 d5 2.c4 c6 3.e3 Nf6 4.Nc3 e6 5.Nf3 Nbd7 6.Qc2 Bd6 7.Be2 O-O 8.O-O dxc4
9.Bxc4 Qe7 10.Bd2 a6 11.a4 c5 12.h3 b6 13.d5 Ne5 14.Nxe5 Bxe5 15.e4 exd5
16.Nxd5 Nxd5 17.Bxd5 Bb7 18.Bc3 Rfe8 19.Bxb7  1/2-1/2

[Event "Tilburg rapid20"]
[Site "Tilburg"]
[Date "1993.??.??"]
[Round "2"]
[White "Vyzmanavin, Alexey"]
[Black "Chernin, Alexander"]
[Result "1/2-1/2"]
[WhiteElo "2605"]
[BlackElo "2615"]

1.d4 d5 2.c4 c6 3.e3 Nf6 4.Nc3 e6 5.Nf3 Nbd7 6.Qc2 Bd6 7.Be2 O-O 8.O-O dxc4
9.Bxc4 Qe7 10.Bd2 a6 11.a4 c5 12.Rad1 h6 13.h3 Rb8 14.Rfe1 b6 15.Qd3 Ra8
16.d5 Ne5 17.Nxe5 Bxe5 18.e4 exd5 19.Nxd5 Nxd5 20.exd5 Qd6 21.Qe4 Bd4 22.Bf4 Qf6
23.Re2 Bd7 24.b3 Rfe8 25.Qf3 b5 26.axb5 axb5 27.Rxe8+ Rxe8 28.Bd3 Be5 29.Be3 Qxf3
30.gxf3 Rc8 31.Rc1 c4 32.bxc4 bxc4 33.Rxc4 Rxc4 34.Bxc4 Bxh3 35.f4 Bd6 36.Kh2 Bf5
37.Kg3 Kf8 38.Kg2 Ke7 39.f3 h5 40.Bd4 f6 41.Be3 h4 42.Be2 Kf7 43.Bb5 Ke7
44.Be2 Bc8 45.Bb5 Bf5 46.Bf1 Kf7 47.Bb5 Ke7 48.Bf1 Bb4 49.Bf2 Kd6 50.Bxh4  1/2-1/2

[Event "Tilburg"]
[Site "Tilburg"]
[Date "1993.??.??"]
[Round "4"]
[White "Karpov, Anatoly"]
[Black "Kaidanov, Grigory S"]
[Result "1/2-1/2"]
[WhiteElo "2760"]
[BlackElo "2640"]

1.d4 d5 2.c4 c6 3.Nc3 Nf6 4.e3 e6 5.Nf3 Nbd7 6.Qc2 Bd6 7.Be2 O-O 8.O-O b6
9.e4 Nxe4 10.Nxe4 dxe4 11.Qxe4 Bb7 12.Bd3 g6 13.Bh6 Re8 14.Rad1 f5 15.Qe3 c5
16.Be2 Qe7 17.Bg5 Qg7 18.Qc3 Be7 19.Bxe7 Rxe7 20.Rfe1 Rae8 21.h3 e5 22.dxc5 Nxc5
23.b4 Bxf3 24.Bxf3 e4 25.Qxg7+ Kxg7 26.Be2 Na4 27.Rc1 Nb2 28.Rc3 Rd8 29.c5 bxc5
30.bxc5 Rc7 31.c6 Kf6 32.Rb1 Rd2 33.Kf1 Na4 34.Ra3 Nc5 35.Rc1 Nd3 36.Bxd3 exd3
37.g4 fxg4 38.hxg4 Ke6 39.Kg2 Rc2 40.Rxc2 dxc2 41.Rc3 Kd5 42.Rxc2 Rxc6 43.Re2 Kd6
44.Kg3 g5 45.f3 h6 46.Rd2+ Ke5  1/2-1/2

[Event "Tilburg rapid20"]
[Site "Tilburg"]
[Date "1993.??.??"]
[Round "7"]
[White "Karpov, Anatoly"]
[Black "Ivanchuk, Vassily"]
[Result "1/2-1/2"]
[WhiteElo "2760"]
[BlackElo "2705"]

1.d4 d5 2.c4 e6 3.Nc3 c6 4.e3 Nf6 5.Nf3 Nbd7 6.Qc2 Bd6 7.Be2 O-O 8.O-O b6
9.e4 Nxe4 10.Nxe4 dxe4 11.Qxe4 Bb7 12.Rd1 Qc7 13.c5 bxc5 14.Qh4 Rfe8 15.dxc5 Be7
16.Bg5 Nxc5 17.Rac1 Ba6 18.Bxe7 Qxe7 19.Qxe7 Rxe7 20.Nd4 Bxe2 21.Nxe2 Na6
22.Rxc6 Nb4 23.Rc4 Nd5 24.Nc3 Nxc3 25.Rxc3 g6 26.Kf1 a5 27.Rd4 Rb7 28.b3 Rb4
29.Rcc4 Rxc4 30.Rxc4 Rd8 31.Rc5 a4 32.bxa4 Rd2 33.a3 Rd3 34.Ke2 Rxa3 35.a5 Kf8
36.h4 Ke7 37.Rc7+  1/2-1/2

[Event "SVK-ch"]
[Site "Topolcianky"]
[Date "1993.??.??"]
[Round "6"]
[White "Priehoda, Vitezslav"]
[Black "Kantorik, Marian"]
[Result "1-0"]
[WhiteElo "2415"]
[BlackElo "2235"]

1.d4 d5 2.c4 e6 3.Nf3 Nf6 4.Nc3 c6 5.e3 Be7 6.Qc2 O-O 7.b3 Nbd7 8.Bb2 Re8
9.Bd3 Bd6 10.O-O dxc4 11.Bxc4 e5 12.Ng5 Rf8 13.Nce4 Nxe4 14.Nxe4 Bc7 15.Ba3 Re8
16.Bd6 exd4 17.Bxc7 Qxc7 18.Ng5 Kf8 19.Qxh7 Ne5 20.Qh8+ Ke7 21.Qxg7 Nxc4
22.Qxf7+ Kd8 23.Qxc4  1-0

[Event "Toulouse-ch"]
[Site "Toulouse"]
[Date "1993.??.??"]
[Round "4"]
[White "Pira, Davoud"]
[Black "Markotic, Gordan"]
[Result "1-0"]
[WhiteElo "2350"]
[BlackElo "2405"]

1.d4 d5 2.Nf3 Nf6 3.c4 c6 4.Nc3 e6 5.e3 Nbd7 6.Qc2 Bd6 7.Be2 O-O 8.O-O Qe7
9.Rd1 dxc4 10.Bxc4 e5 11.h3 e4 12.Ng5 Nb6 13.Bb3 Bf5 14.f3 Rae8 15.Rf1 Bb8
16.Ncxe4 Nxe4 17.Nxe4 Nd5 18.Bd2 Qc7 19.Bxd5 Qh2+ 20.Kf2 cxd5 21.Nf6+ gxf6
22.Qxf5 Bg3+ 23.Ke2 Qxg2+ 24.Kd3 Bh2 25.Qg4+ Qxg4 26.hxg4 Bd6 27.Rh1 Kg7
28.Rh5 Rd8 29.Rah1 Rh8 30.Rxd5 Be7 31.Rxd8 Rxd8 32.e4 Bd6 33.f4 a6 34.Rh5 Be7
35.Rd5 Rxd5 36.exd5 f5 37.gxf5 Bd6 38.Ke4 Kf6 39.Ba5 Ke7 40.Bb6 f6 41.Kf3 Kd7
42.Kg4 Bb8 43.Bc5 Bc7 44.d6 Ba5 45.Kh5 b6 46.Ba3 Bd2 47.Kh6 Be3 48.Kxh7 Bxd4
49.b3 Bc3 50.Kg7 a5 51.Kf7 Ba1 52.Bc1 Bd4 53.Bd2 Kxd6 54.Be1 a4 55.Bh4 Be3
56.Bxf6 Bxf4 57.Bc3 b5 58.Kg7 Kd5 59.f6 Bd6 60.f7 Ke4 61.Kg8 Kd3 62.Bg7  1-0

[Event "Ufa"]
[Site "Ufa"]
[Date "1993.??.??"]
[Round "?"]
[White "Golod, Vitali"]
[Black "Kozirev, Alexander"]
[Result "1-0"]
[WhiteElo "2485"]
[BlackElo "2335"]

1.d4 d5 2.c4 e6 3.Nc3 c6 4.e3 Nf6 5.Nf3 Nbd7 6.Bd3 dxc4 7.Bxc4 b5 8.Bd3 Bb7
9.e4 b4 10.Na4 c5 11.e5 Nd5 12.O-O cxd4 13.Nxd4 Nxe5 14.Bb5+ Nd7 15.Re1 Rc8
16.Qh5 g6 17.Qe2 a6 18.Bxa6 Bxa6 19.Qxa6 Bg7 20.Bg5 Nc7 21.Qa5 Ra8 22.Bxd8 Rxa5
23.Bxc7 Rxa4 24.b3 Ra6 25.Rad1 O-O 26.Nc2 Rc6 27.Rxd7 Rxc2 28.Bd6 Rfc8 29.Bxb4 Rxa2
30.Red1 Bf6 31.R7d2 Rxd2 32.Bxd2 Rd8 33.Kf1 Rd3 34.b4 Rb3 35.Rc1 Bd4 36.Ke2 h5
37.Rc4 e5 38.f3 f5 39.Rc7 Kf8 40.h3 f4 41.h4 Rb1 42.Rc1 Rb2 43.Kd3 Kf7 44.Rc6 Rb1
45.Ke4 Rb2 46.Kd3 Rb1 47.Rd6 Rb2 48.Bxf4 Rxb4 49.Bg5 Rb6 50.Rd8 Bb2 51.Kc4 Ba3
52.Rd7+ Ke8 53.Ra7 Bf8 54.Kd5 Rb5+ 55.Ke6 Rb6+ 56.Kxe5 Rb5+ 57.Ke6 Rb6+ 58.Kd5 Rb5+
59.Kc4 Rb4+ 60.Kc3 Rb6 61.Be3 Rc6+ 62.Kd3 Bd6 63.f4 Be7 64.g3 Kf8 65.Ra5 Kf7
66.Ke4 Re6+ 67.Kf3 Rc6 68.Rb5 Bf6 69.Bc5 Ke6 70.Ke4 Bg7 71.Kd3 Bf6 72.Be3 Rc3+
73.Ke2 Rc2+ 74.Kf3 Rc6 75.g4 hxg4+ 76.Kxg4 Rd6 77.Bc5 Rd5 78.Ra5 Rh5 79.Ra6+ Kf7
80.Bf2 Rf5 81.Ra7+ Kg8 82.Rd7 Rh5 83.Kf3 Rf5 84.Ke4 Rh5 85.Bb6 Rf5 86.Bc7 Bxh4
87.Be5 Bf6 88.Kd5 Bxe5 89.fxe5 Rf1 90.Kd6 Ra1 91.e6 Ra6+ 92.Ke5 Ra8 93.Kf6 Ra6
94.Rd8+ Kh7 95.Kf7 g5 96.Rd1 Ra7+ 97.e7 Rxe7+ 98.Kxe7 Kg6 99.Ke6 g4 100.Rd5 g3
101.Rd3  1-0

[Event "EU-ch U18"]
[Site "Vejen"]
[Date "1993.??.??"]
[Round "1"]
[White "Pedersen, Steffen"]
[Black "Petrov, Jole"]
[Result "1/2-1/2"]
[WhiteElo "2385"]
[BlackElo "2335"]

1.d4 d5 2.c4 e6 3.Nc3 c6 4.e3 Nf6 5.Nf3 Nbd7 6.Bd3 dxc4 7.Bxc4 b5 8.Be2 a6
9.e4 c5 10.e5 Nd5 11.Nxd5 exd5 12.a4 b4 13.dxc5 Bb7 14.c6 Bxc6 15.Nd4 Nxe5
16.Nxc6 Nxc6 17.Bf3 Be7 18.Bxd5 Rc8 19.O-O O-O 20.Be3 Bf6 21.Rb1 Qa5  1/2-1/2

[Event "EU-ch U18"]
[Site "Vejen"]
[Date "1993.??.??"]
[Round "2"]
[White "Van Beers, Eddy"]
[Black "Ceteras, Marius"]
[Result "0-1"]
[WhiteElo "2175"]
[BlackElo "2330"]

1.d4 d5 2.c4 c6 3.Nf3 Nf6 4.Nc3 e6 5.e3 Nbd7 6.Bd3 dxc4 7.Bxc4 b5 8.Bd3 Bb7
9.O-O a6 10.e4 c5 11.d5 c4 12.dxe6 fxe6 13.Bc2 Qc7 14.Ng5 Nc5 15.Qe2 h6 16.Nh3 O-O-O
17.e5 Nfd7 18.f4 Qc6 19.Bd2 g5 20.fxg5 Nxe5 21.Bf4 Ned3 22.Bg3 b4 23.Na4 Nxa4
24.Bxa4 Bc5+ 25.Kh1 Qxa4 26.Rf7 Rd7 27.Qxe6 Qc6 28.Qxc6+ Bxc6 29.Rf6 Kb7
30.gxh6 Be3 31.Nf4 Nxf4 32.Bxf4 Bxf4 33.Rxf4 Rxh6 34.Rxc4 a5 35.Rac1 Rd2
36.R4c2 Rhd6 37.Kg1 Be4 38.Rc7+ Kb6 39.Re7 Rxg2+ 40.Kf1 Rf6+ 41.Ke1 Rg1+
42.Kd2 Rd6+  0-1

[Event "EU-ch U18"]
[Site "Vejen"]
[Date "1993.??.??"]
[Round "2"]
[White "Hedman, Erik"]
[Black "Peart, Alan"]
[Result "1-0"]
[WhiteElo "2255"]
[BlackElo "2115"]

1.d4 d5 2.c4 c6 3.Nc3 Nf6 4.e3 e6 5.Nf3 Nbd7 6.Bd3 dxc4 7.Bxc4 b5 8.Be2 a6
9.O-O Bb7 10.e4 b4 11.e5 bxc3 12.exf6 cxb2 13.fxg7 bxa1=Q 14.gxh8=Q Qxa2
15.Ng5 Qf6 16.Qxh7 Bg7 17.Ne4 Qxd4 18.Qg8+ Nf8 19.Nd6+ Ke7 20.Qxf7+ Kxd6
21.Qxg7  1-0

[Event "EU-ch U18"]
[Site "Vejen"]
[Date "1993.??.??"]
[Round "4"]
[White "Fyllingen, Roy Harald"]
[Black "Borovikov, Vladislav"]
[Result "1/2-1/2"]
[WhiteElo "2330"]
[BlackElo "2385"]

1.d4 d5 2.c4 e6 3.Nc3 c6 4.e3 Nf6 5.Nf3 Nbd7 6.Qc2 Bd6 7.g4 dxc4 8.g5 Nd5
9.Bxc4 b5 10.Be2 Bb7 11.Bd2 b4 12.Ne4 Be7 13.Rg1 a5 14.Nc5 Bxc5 15.dxc5 Qe7
16.e4 Nc7 17.Be3 Ba6 18.Rd1 O-O 19.Rd6 Bb7 20.Nd4 Rac8 21.Nxc6 Bxc6 22.Rxc6 Ne5
23.Rb6 Na8 24.Ra6 Rfd8 25.f3 Qc7 26.Rg3 Nc6 27.Qa4 e5 28.Kf2 Nd4 29.Qxa5 Qe7
30.Qxb4 Nc7 31.Rd6 Nce6 32.Rxd8+ Rxd8 33.Qc4 Nxc5 34.Rg1 Nce6 35.Qc3 h6 36.h4 hxg5
37.hxg5 g6 38.Bc4 Kg7 39.Qa5 Nc5 40.b3 Rh8 41.b4 Nb7 42.Qb6 Nd6 43.Bd5 Nc2
44.Bd2 Qd7 45.Bc3 Qe7 46.f4 Nd4 47.Bxd4 exd4 48.Qxd4+ Kg8 49.Rg3 Rh4 50.Kf3 Qc7
51.Qc5 Qb8 52.Qc3 Nxe4 53.Bxf7+ Kf8 54.Qe3 Nxg3 55.Kxg3 Rh5 56.Be6 Rxg5+
57.Bg4 Rd5 58.Qc3 Qd6 59.Qh8+ Ke7 60.Qg7+ Ke8 61.Qg8+ Ke7 62.Qg7+ Ke8 63.Qg8+  1/2-1/2

[Event "EU-ch U18"]
[Site "Vejen"]
[Date "1993.??.??"]
[Round "6"]
[White "Tratar, Marko"]
[Black "Brancaleoni, Maurizio"]
[Result "1-0"]
[WhiteElo "2290"]
[BlackElo "2195"]

1.d4 d5 2.c4 c6 3.Nc3 Nf6 4.Nf3 e6 5.e3 Nbd7 6.Qc2 Bd6 7.Be2 O-O 8.O-O Re8
9.Rd1 Qe7 10.b3 Rb8 11.Bb2 b6 12.e4 Nxe4 13.Nxe4 dxe4 14.Qxe4 Bb7 15.Bd3 f5
16.Qe2 c5 17.dxc5 Nxc5 18.Bc2 e5 19.Bxf5 Rf8 20.Bg4 Ne4 21.Rxd6 Nxd6 22.Qxe5 Qxe5
23.Bxe5 Rbd8 24.Be6+ Nf7 25.Ng5 Rde8 26.Bxf7+ Rxf7 27.Nxf7 Kxf7 28.Re1 Kg6
29.f3 Kf5 30.g4+ Kg6 31.Kf2 Rf8 32.f4 h5 33.gxh5+ Kxh5 34.Rg1 g6 35.Rg5+ Kh6
36.Rg4 g5 37.Rxg5 Rd8 38.Rg7 Be4 39.Rxa7 Bb1 40.Ra6  1-0

[Event "EU-ch U18"]
[Site "Vejen"]
[Date "1993.??.??"]
[Round "7"]
[White "Kiriakov, Petr"]
[Black "Borovikov, Vladislav"]
[Result "0-1"]
[WhiteElo "2385"]
[BlackElo "2385"]

1.d4 d5 2.c4 e6 3.Nc3 c6 4.e3 Nf6 5.Nf3 Nbd7 6.Bd3 dxc4 7.Bxc4 b5 8.Be2 Bb7
9.O-O a6 10.e4 c5 11.e5 Nd5 12.a4 b4 13.Ne4 h6 14.Nfd2 Be7 15.Nc4 O-O 16.Ncd6 Bc6
17.Nxc5 Bxd6 18.exd6 a5 19.Qd3 Qh4 20.Bf3 N7f6 21.g3 Qh3 22.Ne4 Ng4 23.Bxg4 Qxg4
24.f3 Qg6 25.Bd2 Rfd8 26.Rfc1 Bb7 27.Qe2 Nf6 28.Nc5 Bd5 29.Nd3 Qh5 30.Ne5 Ne8
31.d7 Nd6 32.Qg2 Qf5 33.g4 Qh7 34.g5 Nf5 35.gxh6 f6 36.Ng4 Kf7 37.hxg7 Nh4
38.Nh6+ Ke7 39.Qg3 Nxf3+ 40.Kf2 Nxd2 41.g8=N+ Rxg8 42.Nxg8+ Rxg8 43.d8=Q+ Rxd8
44.Rc7+ Rd7 45.Qf4 Ne4+ 46.Ke1 Qg6 47.Rac1 Nd6 48.h4 Qg1+ 49.Ke2 Qg2+ 50.Ke1 Bf3
51.Qe3 Ne4  0-1

[Event "Vicente Lopez op"]
[Site "Vicente Lopez"]
[Date "1993.??.??"]
[Round "7"]
[White "Garcia, Raimundo"]
[Black "Roca, Alfredo"]
[Result "1/2-1/2"]
[WhiteElo "2375"]
[BlackElo "2385"]

1.d4 d5 2.c4 c6 3.Nc3 Nf6 4.e3 e6 5.Nf3 Nbd7 6.Qc2 Bd6 7.Be2 O-O 8.O-O Qe7
9.Rd1 Re8 10.h3 a6 11.b3 dxc4 12.Bxc4 e5 13.Ng5 Rf8 14.Bb2 h6 15.Nge4 Bc7
16.d5 Nxe4 17.Nxe4 cxd5 18.Bxd5 Nb6 19.Ba3 Qxa3 20.Nf6+ gxf6 21.Qg6+ Kh8
22.Qxh6+ Kg8 23.Qg6+ Kh8 24.Qxf6+ Kg8 25.Qg6+ Kh8  1/2-1/2

[Event "Vilanova op"]
[Site "Vilanova"]
[Date "1993.??.??"]
[Round "2"]
[White "Vila, Aurelio"]
[Black "Massana, Jorge"]
[Result "1-0"]
[WhiteElo "2315"]
[BlackElo "2240"]

1.d4 Nf6 2.c4 e6 3.Nc3 d5 4.Nf3 c6 5.e3 Nbd7 6.Bd3 dxc4 7.Bxc4 Bd6 8.O-O O-O
9.e4 e5 10.d5 Nc5 11.Bg5 Bg4 12.b4 Na6 13.a3 Nc7 14.h3 Bh5 15.Qd3 Bxf3 16.Qxf3 Be7
17.dxc6 bxc6 18.Rad1 Qc8 19.Rd2 Ne6 20.Be3 Rd8 21.Rfd1 Rxd2 22.Rxd2 a5 23.Na4 Qf8
24.Bxe6 fxe6 25.Nc5 Bxc5 26.Bxc5 Qe8 27.Qd3 axb4 28.axb4 Ra1+ 29.Kh2 Ra8
30.f3 Qf7 31.Qd6 h6 32.Qxc6 Re8 33.Qd6 Qh5 34.b5 Qg5 35.Bf2 Nh5 36.b6 Nf4
37.Bg3 h5 38.h4 Qf6 39.b7  1-0